| 000 | 00883nam a2200205 a 4500 | ||
|---|---|---|---|
| 008 | 090320s2000 ||||||||||||||||| || u | ||
| 020 | _a0521634504 | ||
| 050 | _aQA 927 Bil | ||
| 100 | _aBillingham, J | ||
| 245 | 1 | 0 |
_aWave motion _cJ. Billingham and A. C. King |
| 260 |
_aCambridge _bCambridge University P _c2000 |
||
| 300 | _aix, 464p.: ill. | ||
| 350 | _a0.00 | ||
| 490 | _aCambridge texts in applied mathematics | ||
| 650 | 0 | _aMATHEMATICS--HANDBOOKS, MANUALS, ETC | |
| 650 | _aWAVE-MOTION, THEORY OF | ||
| 700 | _aKing, A. C | ||
| 995 |
_D0.00 _FCBU-MAIN LIBRARY (Kitwe) _H1 _I0.00 _M1 _UAVAILABLE _WApr 16, 2009 _ZMain Library Open Access Collection |
||
| 995 |
_D0.00 _FCBU-MAIN LIBRARY (Kitwe) _H1 _I0.00 _M2 _UAVAILABLE _WMar 10, 2010 _ZMain Library Open Access Collection |
||
| 999 |
_c78418 _d78418 |
||